LEADER 01059nam0-22003131--450- 001 990008308520403321 005 20061130120749.0 020 $aIT$b1933 6019 035 $a000830852 035 $aFED01000830852 035 $a(Aleph)000830852FED01 035 $a000830852 100 $a20060406d1930----km-y0itay50------ba 101 0 $aita 102 $aIT 105 $ay-------001yy 200 1 $aImposta sui redditi di ricchezza mobile$eelenco dei contribuenti possessori di redditi delle cartelle B e C$eprovincia di Napoli$fMinistero delle finanze, Direzione generale delle imposte dirette 210 $aRoma$cIst. Poligrafico dello Stato$d1930 215 $a2 v. (792 ; 1577 p.)$din 8° 676 $a336.24$v12 rid.$zita 710 01$aItalia.$bDirezione generale delle imposte dirette$01068 801 0$aIT$bUNINA$gRICA$2UNIMARC 901 $aBK 912 $a990008308520403321 952 $aXIV C 139$bs.i.$fFGBC 952 $aXVII 687$bs.i.$fFGBC 959 $aFGBC 996 $aImposta sui redditi di ricchezza mobile$9726844 997 $aUNINA LEADER 02907nam 2200721 450 001 9910792568803321 005 20230808201120.0 010 $a0-271-07786-7 024 7 $a10.1515/9780271077864 035 $a(CKB)3710000001000721 035 $a(OCoLC)1080549910 035 $a(MdBmJHUP)muse68683 035 $a(MiAaPQ)EBC6224401 035 $a(DE-B1597)583875 035 $a(OCoLC)1266227801 035 $a(DE-B1597)9780271077864 035 $a(EXLCZ)993710000001000721 100 $a20200929d2016 ub 0 101 0 $aeng 135 $aur|||||||nn|n 181 $ctxt$2rdacontent 182 $cc$2rdamedia 183 $acr$2rdacarrier 200 14$aThe evolution of taste in American collecting /$fRene? Brimo ; translated, edited, and with an introduction by Kenneth Haltman 210 1$aUniversity Park, Pennsylvania :$cThe Pennsylvania State University Press,$d[2016] 210 4$dİ2016 215 $a1 online resource (x, 405 pages ) 300 $aOriginally published as L'e?volution du gou?t aux E?tats-Unis d'apre?s l'histoire des collections by Rene? Brimo (Paris, 1938). 311 $a0-271-07324-1 320 $aIncludes bibliographical references (pages 433-370) and index. 327 $tFrontmatter -- $tContents -- $tIllustrations -- $tAcknowledgments -- $tMaking Sense of an Unusual Contribution to Art History -- $tNotes -- $tTh e Evolution of Taste in American Collecting -- $tPreface -- $tIntroduction -- $tBook 1: Early Developments: From the Colonial Period to the Philadelphia Centennial -- $tBook 2: The Triumph of Quality: Major Collections from the Philadelphia Centennial to the Great War -- $tConclusion -- $tNotes -- $tBibliography -- $tIndex 330 $a"A critical translation of Rene Brimo's 1938 French study of eighteenth- and nineteenth-century patronage and art collecting in the United States"--Provided by publisher. 606 $aAesthetics 606 $aArt museums$zUnited States 606 $aArt$xCollectors and collecting$zUnited States 606 $aArt$zUnited States$xHistory 610 $aAmerica. 610 $aBrimo. 610 $aHaltman. 610 $aUnited States. 610 $aart history. 610 $aart. 610 $aunited states. 610 $aus. 610 $ausa. 610 $a?European art market?. 610 $a?art collecting?. 610 $a?biographical study?. 610 $a?patronage?. 615 0$aAesthetics. 615 0$aArt museums 615 0$aArt$xCollectors and collecting 615 0$aArt$xHistory. 676 $a709.73 700 $aBrimo$b Rene?$f1911-1948,$01509289 702 $aHaltman$b Kenneth$f1957- 801 0$bMiAaPQ 801 1$bMiAaPQ 801 2$bMiAaPQ 906 $aBOOK 912 $a9910792568803321 996 $aThe evolution of taste in American collecting$93741040 997 $aUNINA LEADER 01572nas 2200421 n 450 001 990008908680403321 005 20240229084332.0 011 $a0394-9044 035 $a000890868 035 $aFED01000890868 035 $a(Aleph)000890868FED01 035 $a000890868 091 $2CNR$aP 00144423 100 $a20161109b19882004km-y0itaa50------ba 101 0 $aita 102 $aIT 110 $aauu-------- 200 1 $aArchivi per la storia 207 1$a1988-2004 210 $aFirenze$cMucchi 326 $aSemestrale 440 0$1001000890867$12001$aArchivi (Padova) 530 0 $aArchivi per la storia 675 $a02 675 $a069 675 $a945 676 $a945 712 02$aANAI$9 801 0$aIT$bACNP$c20090723 859 4 $uhttp://acnp.cib.unibo.it/cgi-ser/start/it/cnr/dc-p1.tcl?catno=76130&person=false&language=ITALIANO&libr=&libr_th=unina1$zBiblioteche che possiedono il periodico 901 $aSE 912 $a990008908680403321 958 $aBRAU. Biblioteca di Ricerca di Area Umanistica$b1988-2004.$c1994;$eSP - Per. it. 281$fFLFBC 959 $aFLFBC 996 $aArchivi per la storia$9800261 997 $aUNINA AP1 8 $6866-01$aNA072 BRAU. Biblioteca di Ricerca di Area Umanistica$bSP - Per. it. 281$ePiazza Bellini 56/60, 80133 Napoli (NA)$m(081) 2533948$nit AP2 40$aacnp.cib.unibo.it$nACNP Italian Union Catalogue of Serials$uhttp://acnp.cib.unibo.it/cgi-ser/start/it/cnr/df-p.tcl?catno=76130&language=ITALIANO&libr=&person=&B=1&libr_th=unina&proposto=NO